Understanding cross-cultural management / (Record no. 16575)
[ view plain ]
| 000 -LEADER | |
|---|---|
| fixed length control field | 01079cam a2200265 a 4500 |
| 001 - CONTROL NUMBER | |
| control field | 16647576 |
| 005 - DATE AND TIME OF LATEST TRANSACTION | |
| control field | 20170131111527.0 |
| 008 - FIXED-LENGTH DATA ELEMENTS--GENERAL INFORMATION | |
| fixed length control field | 110211s2011 enkab frb 001 0 eng d |
| 020 ## - INTERNATIONAL STANDARD BOOK NUMBER | |
| International Standard Book Number | 9780273732952 |
| 040 ## - CATALOGING SOURCE | |
| Original cataloging agency | DLC |
| Transcribing agency | DLC |
| Modifying agency | DLC |
| -- | EG-ScBUE |
| Language of cataloging | eng |
| 082 04 - DEWEY DECIMAL CLASSIFICATION NUMBER | |
| Classification number | 658.3008 |
| Edition number | 22 |
| Item number | BRO |
| 100 1# - MAIN ENTRY--PERSONAL NAME | |
| Personal name | Browaeys, Marie-Joelle. |
| 9 (RLIN) | 13352 |
| 245 10 - TITLE STATEMENT | |
| Title | Understanding cross-cultural management / |
| Statement of responsibility, etc | Marie-Joelle Browaeys and Roger Price. |
| 250 ## - EDITION STATEMENT | |
| Edition statement | 2nd ed. |
| 260 ## - PUBLICATION, DISTRIBUTION, ETC. (IMPRINT) | |
| Place of publication, distribution, etc | Harlow ; |
| -- | New York : |
| Name of publisher, distributor, etc | Financial Times / Prentice Hall, |
| Date of publication, distribution, etc | 2011. |
| 300 ## - PHYSICAL DESCRIPTION | |
| Extent | xx, 410 p. : |
| Other physical details | ill. ; |
| Dimensions | 25 cm. |
| 500 ## - GENERAL NOTE | |
| General note | Rev. ed. of: Understanding cross-cultural management. 2008. |
| 504 ## - BIBLIOGRAPHY, ETC. NOTE | |
| Bibliography, etc | Includes bibliographical references and index. |
| 650 #7 - SUBJECT ADDED ENTRY--TOPICAL TERM | |
| Topical term or geographic name as entry element | Diversity in the workplace |
| General subdivision | Management. |
| 9 (RLIN) | 13353 |
| Source of heading or term | BUEsh |
| 650 #7 - SUBJECT ADDED ENTRY--TOPICAL TERM | |
| Topical term or geographic name as entry element | Management |
| 9 (RLIN) | 35728 |
| Source of heading or term | BUEsh |
| General subdivision | Cross-cultural studies. |
| 653 ## - INDEX TERM--UNCONTROLLED | |
| Resource For college | BAEPS, Business Administration |
| Arrived date list | March2012 |
| -- | January2017 |
| 700 1# - ADDED ENTRY--PERSONAL NAME | |
| Personal name | Price, Roger, |
| Dates associated with a name | 1946- |
| 9 (RLIN) | 29352 |
| 942 ## - ADDED ENTRY ELEMENTS (KOHA) | |
| Source of classification or shelving scheme | Dewey Decimal Classification |
| Item type | Book - Borrowing |
| Withdrawn status | Item status | Source of classification or shelving scheme | Damaged status | Not for loan | Vendor | Home library | Current library | Shelving location | Date acquired | Source of acquisition | Total Checkouts | Full call number | Barcode | Date last seen | Date last borrowed | Koha item type | Total Renewals |
|---|---|---|---|---|---|---|---|---|---|---|---|---|---|---|---|---|---|
| Dewey Decimal Classification | Baccah | Central Library | Central Library | First floor | 12/03/2012 | 5 | 658.3008 BRO | 000026408 | 15/07/2025 | 28/04/2013 | NB - Book (Non borrowing) | ||||||
| Dewey Decimal Classification | Baccah | Central Library | Central Library | First floor | 12/03/2012 | 14 | 658.3008 BRO | 000026409 | 15/07/2025 | 28/03/2018 | Book - Borrowing | 58 | |||||
| Dewey Decimal Classification | Baccah | Central Library | Central Library | First floor | 12/03/2012 | 19 | 658.3008 BRO | 000026410 | 15/07/2025 | 05/03/2019 | Book - Borrowing | 82 | |||||
| Dewey Decimal Classification | Baccah | Central Library | Central Library | First floor | 31/01/2017 | Purchase | 2 | 658.3008 BRO | 000045338 | 15/07/2025 | 31/01/2018 | Book - Borrowing | 1 | ||||
| Dewey Decimal Classification | Baccah | Central Library | Central Library | First floor | 31/01/2017 | Purchase | 5 | 658.3008 BRO | 000045339 | 15/07/2025 | 11/04/2018 | Book - Borrowing | 12 |